00371nam a2200109Ia 4500008004100000041000800041100001800049245012500067260003100192300000800223700003000231250110s9999 xx 000 0 und d aeng aPanse Vrinda. aDeriving Methodology For Sustainable Development Of Plots In Transit Rriented Development Along Metro Corridor Case Pune bBNCA M Arch EA, Punec2019 a80p aGuide Name:Navle Rahul63p